50 Personnages de My Hero Academia par Images - Statistiques

Statistiques générales
  • Ce quiz a été pris 247 fois
    68 depuis la dernière actualisation
  • Le résultat moyen est 41 sur 50
Statistiques - réponses
Par images Hint Réponse % Correct
Héros / Prof Yuei All Might
98%
Héros Endeavor
98%
Seconde A Izuku Midoriya
98%
Seconde A Katsuki Bakugo
98%
Seconde A Ochaco Uraraka
98%
Seconde A Shoto Todoroki
98%
Seconde A Tenya Iida
98%
Vilain All For One
96%
Héros Hawks
96%
Vilain Tomura Shigaraki
96%
Seconde A Tsuyu Asui
96%
Seconde A Denki Kaminari
95%
Héros / Prof Yuei Eraser Head
95%
Seconde A Minoru Mineta
95%
Seconde A Momo Yaoyorozu
95%
Seconde A Eijiro Kirishima
93%
Civile Eri
93%
Seconde A Fumikage Tokoyami
93%
Seconde A Mina Ashido
93%
Vilain Dabi
91%
Vilaine Himiko Toga
91%
Élève de Terminale Mirio Togata
91%
Héros Gran Torino
87%
Seconde A Kyoka Jiro
87%
Vilain Stain
87%
Vilain Overhaul
85%
Héros Best Jeanist
84%
Seconde A Hanta Sero
84%
Héros / Prof Yuei Présent Mic
84%
Vilain Twice
84%
Héros Sir Night Eye
82%
Seconde A Mezo Shoji
80%
Seconde A Yuga Aoyama
80%
Héros Fat Gum
78%
Vilain Kurogiri
78%
Élève de Filière Générale Hitoshi Shinso
75%
Seconde A Toru Hagakure
73%
Seconde A Koji Koda
71%
Vilain Spinner
71%
Élève de Terminale Tamaki Amajiki
71%
Élève de Terminale Nejire Hado
67%
Seconde B Neito Monoma
65%
Seconde A Rikido Sato
64%
Vilain Gentle
60%
Seconde A Mashirao Ojiro
60%
VIlain Gigantomakhia
58%
Vilain Compress
56%
Vilain ReDestro
53%
Élève de Shiketsu Inasa Yoarashi
36%
Civil Naomasa Tsukauchi
33%
Aucun quiz correspondant
Distribution des résultats
% des personnes avec chaque résultat
Percentile par nombre de réponses
Votre historique - résultats
Vous n’avez pas pris ce quiz depuis la dernière actualisation